000 00565nam a2200229Ia 4500
003 OSt
005 20221005114245.0
006 a|||||r|||| 00| 0
007 ta
008 221004b |||||||| |||| 00| 0 kan d
024 _a60657
037 _cTextual
040 _aCRL
_cCRL
_bkan
041 _2kan
_akan
082 _aO33,3N27,1, J8
100 _aVishwamitra R.M.
_9625676
245 0 _aAppaji
260 _c1958
650 _aKANNAD LITERATURE
942 _hO33,3N27,1, J8
_cTEXL
_2cc
999 _c1030768
_d1030768